| 000 | 01165nam a2200373Ia 4500 | ||
|---|---|---|---|
| 001 | dia_153 | ||
| 003 | CHAP | ||
| 005 | 20230821121926.0 | ||
| 008 | 220117s1978 xx 000 0 und d | ||
| 010 | _a170583 | ||
| 020 | _a968-16-1276-5 | ||
| 040 | _cCHAP | ||
| 082 | _a338.5 F47 1978 | ||
| 100 |
_aFerguson, C. E. _940069 |
||
| 245 |
_aTeoría microeconómica / _c C. E. Ferguson y J. P. Gould ; traducción Eduardo L. Suárez |
||
| 250 | _a2a ed. | ||
| 260 |
_aMéxico : _b Fondo de Cultura Económica, _c1978 |
||
| 300 | _a551 p. | ||
| 440 | 0 |
_aSección de Obras de Economía (Fondo de Cultura Económica) _9103503 |
|
| 500 | _aTítulo original: Microeconomic theory | ||
| 503 | _aC/e | ||
| 504 | _aIncluye bibliografías | ||
| 590 | _aHB171.5 F47 1978 | ||
| 650 |
_aEconomía _935226 |
||
| 650 |
_aEconomics _9147376 |
||
| 650 |
_aMicroeconomía _975508 |
||
| 650 |
_aMicroeconomics _9147377 |
||
| 700 |
_aGould, J. P., coaut. _9147378 |
||
| 700 |
_aSuárez, Eduardo L., tr. _9138931 |
||
| 901 | _a338.5 F47 1978 | ||
| 902 | _aM | ||
| 905 | _a5232271978 mx imn 8222223322spa16 | ||
| 942 |
_cLIBRO _2ddc |
||
| 999 |
_c170583 _d170583 |
||